Practical Manual To Internship (Record no. 370255)

MARC details
000 -LEADER
fixed length control field 00472nam a22001817a 4500
005 - DATE AND TIME OF LATEST TRANSACTION
control field 20260202111644.0
008 - FIXED-LENGTH DATA ELEMENTS--GENERAL INFORMATION
fixed length control field 260202b |||||||| |||| 00| 0 eng d
020 ## - INTERNATIONAL STANDARD BOOK NUMBER
International Standard Book Number 9789392242458
041 ## - LANGUAGE CODE
Language code of text/sound track or separate title Eng
082 ## - DEWEY DECIMAL CLASSIFICATION NUMBER
Edition number 1st
Classification number 610
100 ## - MAIN ENTRY--PERSONAL NAME
Author Jangir Ghanshyam
245 ## - TITLE STATEMENT
Title Practical Manual To Internship
260 ## - PUBLICATION, DISTRIBUTION, ETC.
Place of publication, distribution, etc. Punjab
Name of publisher, distributor, etc. ‎ visions health Science
Date of publication, distribution, etc. 2025
300 ## - PHYSICAL DESCRIPTION
Extent P.526
365 ## - TRADE PRICE
Price type code 500
650 ## - SUBJECT ADDED ENTRY--TOPICAL TERM
Topical term or geographic name entry element Fundamental of Nursing
942 ## - ADDED ENTRY ELEMENTS (KOHA)
Koha item type Compact Books
Holdings
Withdrawn status Lost status Source of classification or shelving scheme Damaged status Not for loan Home library Current library Date acquired Vendor Total Checkouts Full call number Barcode Date last seen Bill Date Koha item type
    Dewey Decimal Classification     Sitabai Nargundkar College of Nursing Nagpur Sitabai Nargundkar College of Nursing Nagpur 23/02/2026 Vision publication   610 JAN SNCN-CB-116 02/02/2026 02/02/2026 Compact Books